| 000 | 00597nam a2200169 a 4500 | ||
|---|---|---|---|
| 001 | 000015883 | ||
| 005 | 20200929164204.0 | ||
| 008 | 100222s1967 dr 000 0 spa d | ||
| 040 |
_aDO-SdBNP _bspa _cBNPHU |
||
| 041 | 1 | 7 | _aeng |
| 110 | 1 |
_aDominican Republic. _935756 |
|
| 245 | 1 | 0 | _aConstitution of the Dominican Republic (1966). |
| 260 |
_aWashington, D. C. : _bPan American Union, _c1967. |
||
| 300 |
_aiv, 28 p. ; _c28 cm. |
||
| 500 | _aThis constitution, which supersedes the one of September 16, 1962, is translated from the text distributed by the Junta Central Electoral | ||
| 049 | _aBNPD | ||
| 999 |
_c15425 _d15425 |
||